000 00752nam a2200229Ia 4500
005 20260430150747.0
008 008 250103s9999 xx 000 0 hin d
037 _aTheses
040 _aCRL
040 _bhin
040 _chin
041 _2hin
041 _ahin
084 _qCRL
100 _aअमित कुमार, ले.
245 0 _aकाव्यप्रभावृत्ति में काव्यशास्त्रीय परम्परा का अनुप्रयोग
260 _c2021
300 _a457पृ0
700 _aदिल्ली विश्वविद्यालय. कला संकाय. संस्कृत विभाग
942 _cTH
999 _c1850637
_d1850637